Statistics for B Cities by Picture

Click here to take the quiz!

General Stats

  • This quiz has been taken 30 times
    (10 since last reset)
  • The average score is 5 of 19

Answer Stats

Answer % Correct
Budapest
86%
Barcelona
71%
Boston
43%
Bogota
43%
Berlin
43%
Beijing
43%
Bern
29%
Brussels
29%
Buffalo
29%
Brisbane
14%
Busan
14%
Bangkok
14%
Belgrade
14%
Buenos Aires
14%
Baltimore
14%
Brasília
0%
Bata
0%
Birmingham
0%
Belfast
0%

Score Distribution

Percentile by Number Answered

Percent of People with Each Score

Your Score History

You have not taken this quiz since the last reset